Carlos Gardel : (Registro nro. 10409)

Detalles MARC
000 -LIDER
fixed length control field 00998nam a22002777a 4500
003 - IDENTIFICACDOR DE NÚMERO DE CONTROL
control field DO-SdBNP
005 - DATE AND TIME OF LATEST TRANSACTION
control field 20230518115228.0
008 - ELEMENTOS DE LONGITUD FIJA
fixed length control field 160616b 2004 ck | 00| 0 spa d
020 ## - ISBN
International Standard Book Number 9583014125
020 ## - ISBN
International Standard Book Number 978-9583014123
040 ## - FUENTE DE CATALOGACIÓN
Agencia que crea de manera original el registro BPMSU
Idioma de catalogación spa
Agencia que realiza la transcripción BPMSU
082 #4 - NÚMERO DE CLASIFICACIÓN DECIMAL DE DEWEY
Classification number 927.8481
Item number G218 M
Edition number 22
100 1# - ASIENTO PRINCIPAL -- NOMBRE PERSONAL
Nombre personal Monsalve B., Jaime Andrés
Fechas asociadas con el nombre 1890-1935
245 10 - MENCIÓN DE TITULO
Título Carlos Gardel :
Subtítulo cuesta arriba en su rodada /
Mención de responsabilidad Jaime Andrés Monsalve B.; Dirección editorial Conrado Zuluaga.
260 ## - PUBLICACIÓN, DISTRIBUCIÓN, ETC. (PIE DE IMPRENTA)
Lugar de publicación, distribución, etc Bogotá :
Nombre del editor, distribuidor, etc. Panamericana Editorial,
Fecha de publicación, distribución, etc 2005.
300 ## - DESCRIPCIÓN FÍSICA
Extensión 150 p., 8 h. . de láminas ;
Dimensiones 23 cm.
490 0# - MENCIÓN DE SERIES
Mención de serie 100 Personajes;
-- Autores
500 ## - NOTA GENERAL
Nota general Incluye bibliografía, discografía, filmografía y cronología.
600 14 - ENCABEZAMIENTO DE MATERIA--NOMBRE PERSONAL
Nombre personal Gardel, Carlos,
Fechas asociadas con el nombre 1890-1935.
650 #4 - ENCABEZAMIENTO DE MATERIA--TEMÁTICO
Término temático o nombre geográfico como elemento de entrada Tango
Subdivisión temática general Historia
650 #4 - ENCABEZAMIENTO DE MATERIA--TEMÁTICO
Término temático o nombre geográfico como elemento de entrada Cantantes argentinos
Subdivisión de forma Biografías
700 1# - ASIENTO SECUNDARIO -- NOMBRE PERSONAL
Nombre personal Zuluaga, Conrado,
Fechas asociadas con el nombre 1945-,
Mención de responsabilidad ed.
830 #0 - ASIENTO SECUNDARIO DE SERIE--TÍTULO UNIFORME
Título uniforme 100 personajes.
Nombre de la parte o sección de una obra Autores
910 ## - VALIDACIÓN
Validación VMateo V. Control de calidad (BPMSU)
942 ## - ADDED ENTRY ELEMENTS (KOHA)
Source of classification or shelving scheme Dewey Decimal Classification
Koha item type Libros
Existencias
Withdrawn status Lost status Source of classification or shelving scheme Damaged status Not for loan Collection code Home library Current library Date acquired Source of acquisition Full call number Barcode Date last seen Price effective from Koha item type
    Dewey Decimal Classification     Colección General Biblioteca Pública Metropolitana Salomé Ureña Biblioteca Pública Metropolitana Salomé Ureña 06/16/2016 Donado por Maritza Báez BPMSU CG 927.8481 M754c 2004 BPMSU16060215 06/16/2016 06/16/2016 Libros